| 000 | 00476nam a22001697a 4500 | ||
|---|---|---|---|
| 005 | 20251108171736.0 | ||
| 008 | 250721s9999 xx 000 0 ara d | ||
| 082 | 1 | 4 | _aم/928.11/قتي |
| 100 | 1 | _aمسلم، أبي محمد عبد الله بن | |
| 245 | 1 | 0 | _aكتاب الشعر والشعراء / |
| 264 | 1 |
_aليدن : _bمطبعة بريل، _c[19-]. |
|
| 300 | _a66ص | ||
| 650 | 1 | 7 | _aالشعراء |
| 650 | 1 | 7 | _aتراجم |
| 942 |
_2ddc _cREF |
||
| 999 |
_c61365 _d61365 |
||